00693nam a2200229 a 4500001001300000003000900013005001700022008004100039020001000080082001600090100001900106245007300125260004100198300000900239500003500248505001000283650002300293902000800316942000700324952011700331999001500448nice12345678IN_TiNIC20260116012617.0050524s1989 newa grp 000 0 eng  ac20000a954.92bIMA aImam, Jahanara aOf Blood and Fireb Untold Story of Bangladesh`s War of Independence aNew DelhibSterling Publishersc1989 a246p aincludes index and biblioraphy2 aIndex aBangladesh-History bSRS cBK 001040708StackRoom-aHMIbHMId2007-04-12g200.00l0o954.92 IMAp013747r2007-04-12v200.00w2005-05-24yBK c7663d7663